Le sport en E - Statistiques

Statistiques générales
  • Ce quiz a été pris 771 fois
  • Le résultat moyen est 7 sur 15
Statistiques - réponses
Indice Réponse % Correct
Seule discipline aux Jeux Olympiques à être complètement mixte Équitation
79%
Sport olympique dominé depuis 1896 par les Italiens, les Français et les Hongrois Escrime
77%
Club de soccer de la Premier League et établit dans la ville de Liverpool Everton
77%
Ligue de l'UEFA qui qualifie automatiquement le vainqueur à la Ligue des Champions Europa
70%
Lorsque, dans un tournoi, celle-ci est directe, une défaite enlève tout espoir d'atteindre le haut du podium Élimination
67%
Il fût un temps où l'on ne pouvait pas en prendre avant d'effectuer un saut en longueur Élan
65%
Nation constitutive ayant prit part à toutes les éditions de la Coupe du Monde de Rugby Écosse
62%
Chaîne de télévision sportive américaine, actuellement filiale de la compagnie Walt Disney ESPN
36%
Au football, les Américains en ont 4 pour franchir 10 verges, alors que les Canadiens n'en ont que 3 Essai
34%
Joueur de tennis suédois vainqueur de six tournois du Grand Chelem en simple Stefan Edberg
33%
Technique d'haltérophilie, complémentaire à l'arraché Épaulé-jeté
26%
Actuel détenteur du record du monde de triple saut masculin Jonathan Edwards
19%
Trois joueurs en sont après chaque match de hockey dans la LNH Étoile
6%
Nom de l'ancienne équipe de baseball majeur de Montréal Expos
3%
Ville en banlieue de Melbourne dont l'équipe de football australien est la plus titrée de l'histoire de la ligue Essendon
0%
Aucun quiz correspondant
Distribution des résultats
% des personnes avec chaque résultat
Percentile par nombre de réponses
Votre historique - résultats
Vous n’avez pas pris ce quiz